000 00461nam a2200169 a 4500
005 20140412111313.0
008 010307s19uu xx 00 eng d
020 _a0-7105-0590-6
050 _aER
_bGr75 1991
100 _aHirata, Shogo
245 _aA greedy dog :
_bthe gold axe and the silver axe /
_cShogo Hirata.
260 _aUK :
_bJoie, Inc,
_c1991.
300 _a1 v. (unp.) ; ill.
440 _aAesop's Fables
650 _aFables
999 _c104112
_d104112